000 00691nam a22002177a 4500
005 20251108170749.0
008 250721s1990 xx 000 0 ara d
082 1 4 _a612.63
100 1 _aبرش، وليم
_eCorrec.
245 1 0 _aطيبك يتحدث عن الحمل /
264 1 _aبغداد :
_bدار الشوون الثقافية العامة،
_c1990.
300 _a136ص
650 1 7 _aالحمل
650 1 7 _aالمراة الحامل
650 1 7 _aتشخيص الحمل
650 1 7 _aرعاية الحوامل
700 1 _aالخطيب، هدى مهدى
_eمترجمة
700 1 _aالخطيب، ايمان مهدى
_eمترجمة
942 _2ddc
_cBK
999 _c48442
_d48442